नजीर की बानी / (Record no. 113244)

MARC details
000 -LEADER
fixed length control field 01034nam a22002657a 4500
005 - DATE AND TIME OF LATEST TRANSACTION
control field 20170124102950.0
010 ## - LIBRARY OF CONGRESS CONTROL NUMBER
LC control number A-989992
020 ## - INTERNATIONAL STANDARD BOOK NUMBER
Terms of availability 195.00
035 ## - SYSTEM CONTROL NUMBER
System control number A-989992
037 ## - SOURCE OF ACQUISITION
Source of stock number/acquisition Cen Lib/Ret
040 ## - CATALOGING SOURCE
Original cataloging agency DPL
Language of cataloging HN
082 ## - DEWEY DECIMAL CLASSIFICATION NUMBER
Classification number 821
Item number फ़िराक
100 ## - MAIN ENTRY--PERSONAL NAME
Personal name फ़िराक गोरखपूरी
9 (RLIN) 51297
245 ## - TITLE STATEMENT
Title नजीर की बानी /
Statement of responsibility, etc फ़िराक गोरखपूरी
246 ## - VARYING FORM OF TITLE
Title proper/short title Nazeer ki baani
Remainder of title by Firak Gorakhpuri
260 ## - PUBLICATION, DISTRIBUTION, ETC. (IMPRINT)
Place of publication, distribution, etc नई दिल्ली
Name of publisher, distributor, etc वाणी प्रकाशन
Date of publication, distribution, etc 1999
270 ## - ADDRESS
Address 21ए - दरिया गंज
City नई दिल्ली
Postal code 110002
300 ## - PHYSICAL DESCRIPTION
Extent 225पृष्ठ.
Dimensions 21सेमी (सजिल्द)
650 ## - SUBJECT ADDED ENTRY--TOPICAL TERM
Topical term or geographic name as entry element हिंदी साहित्य
9 (RLIN) 51298
650 ## - SUBJECT ADDED ENTRY--TOPICAL TERM
Topical term or geographic name as entry element उर्दू शायरी -नज़ीर
9 (RLIN) 43622
650 ## - SUBJECT ADDED ENTRY--TOPICAL TERM
Topical term or geographic name as entry element Hindi literature
9 (RLIN) 51299
650 ## - SUBJECT ADDED ENTRY--TOPICAL TERM
Topical term or geographic name as entry element Urdu poetry -Nazir
9 (RLIN) 51300
700 ## - ADDED ENTRY--PERSONAL NAME
9 (RLIN) 50544
942 ## - ADDED ENTRY ELEMENTS (KOHA)
Source of classification or shelving scheme Dewey Decimal Classification
Koha item type Hindi Books
Classification part 821
Call number suffix फ़िराक
Holdings
Withdrawn status Lost status Damaged status Not for loan Home library Current library Date acquired Source of acquisition Cost, normal purchase price Total Checkouts Full call number Barcode Date last seen Copy number Cost, replacement price Price effective from Koha item type
        Central Library Central Library 11/08/2015 Cen Lib/Ret 195.00   821 फ़िराक A-989992 11/08/2015 1 195.00 11/08/2015 Hindi Books

© Delhi Public Library
Hit Counter
free hit counter